000 01165nam a2200277 a 4500
001 BRCA_8507
005 20190320210320.0
008 240616s2012----ph-ab#####---#000-0#spa-#
020 _a9789719360483
041 _aspaeng
050 4 _aHE859
_b.M36 2012
245 1 0 _aThe Manila Galleon
_btraversing the pacific = El Galeón de Manila : atravesando el pacífico
_cEdgardo J. Angara, Sonia Pinto Ner, editors ; translators, Fernando Moliné Royo ... [et al.].
260 _aManila, Filipinas
_bRural Empowerment Assistance and Development (READ) Foundation
_cc2012
300 _a232 p.
_bil. (algunas a color), mapas
_c28 cm.
504 _aBibliografía : p. 222-227
546 _aTexto en : español e inglés
650 1 4 _aTransporte acuático
_xHistoria
_zEspaña
_921330
650 1 4 _aMarina mercante
_xHistoria
_zEspaña
_921331
651 4 _aEspaña
_xComercio
_zFilipinas
_921332
651 4 _aFilipinas
_xComercio
_zEspaña
_921333
700 1 _aAngara, Edgardo J.
_d1934-
_eed.
_921334
700 1 _aPinto Ner, Sonia
_eed.
_921335
700 1 _aMoliné Royo, Fernando
_etr.
_921336
740 0 _aEl Galeón de Manila : atravesando el pacífico
942 _2lcc
_cB
999 _c8173
_d8173